000 00610nam a2200229Ia 4500
005 20250108124737.0
008 008 250107s9999 xx 000 0 eng d
020 _a978-93-95027-05-2
037 _aTB
040 _aCRL
_beng
_cCRL
041 _atel
_2eng
084 _aS:3 R1
084 _qCRL
100 _aNarayanappa V. (MIL) Au.
_9729661
245 0 _aTelugu jaatiiyaalu
_cNarayanappa V. (MIL) Au.
260 _aDelhi, India
_bDr. V. Narayanappa
_c2027
300 _a43p.
365 _aINR
_b0
650 _aTELUGU LANGUAGE
_9155493
942 _cTB
_hS:3 R1
999 _c1234415
_d1234415